| 000 | 00356cam a2200145ua 4500 | ||
|---|---|---|---|
| 041 |
_amal _h |
||
| 082 |
_a894.8121 _bKUN/PA |
||
| 100 | _aKunjunni, . | ||
| 245 |
_aPathinanjum Pathinanjum / _cKunjunni. _hTextual Documents |
||
| 260 |
_aKottayam : _bNational Book Stall , _c1963. |
||
| 300 | _a22 ; . | ||
| 504 | _a | ||
| 942 | _cBK | ||
| 999 |
_c4887 _d4887 |
||